Statistiques concernant Les personnages principaux d'animé

Cliquez ici pour prendre le quiz!

Statistiques générales

  • Ce quiz a été pris 549 fois
  • Le résultat moyen est 14 sur 20

Statistiques - réponses

animé
perso
principal
% Correct
Naruto
Naruto Uzumaki
100%
One PieceMonkey D.Luffy
99%
SNKEren Jaeger
95%
Hunter x HunterGon Freecss
93%
One Punch ManSaitama
92%
Death NoteLight Yagami
90%
My Hero AcademiaIzuku Midoriya
81%
Demon SlayerTanjiro Kamado
80%
Dragon BallSon Goku
79%
BleachIchigo Kurosaki
74%
Tokyo GhoulKen Kaneki
71%
Kuroko's BasketKuroko Tetsuya
68%
Assassination
Classroom
Nagisa Shiota
66%
Full Metal AlchemistEdward Elric
59%
Jujutsu KaisenYuji Itadori
55%
Sword Art OnlineKirito
53%
Haikyuu!!Shoyo Hinata
44%
Jojo's Bizarre
Adventure
Jonathan Joestar
34%
Fairy TailHappy
25%
Your Lie in AprilKaori Miyazono
18%

Distribution des résultats

Percentile par nombre de réponses

% des personnes avec chaque résultat

Votre développement - résultats

Vous n’avez pas pris ce quiz